[Event "vai uma aÃ­ velho"]
[Site "http://www.queenalice.com/game.php?id=12425"]
[Date "2005.5.8"]
[Round "-"]
[White "willyanF"]
[Black "Brummbar"]
[Result "0-1"]
[WhiteElo "1531"]
[BlackElo "1599"]

1. e4 Nc6 2. Nf3 d5 3. exd5 Qxd5 4. Nc3 Qd8 5. d4 Bg4 6. Bc4 Bxf3 7. Qxf3 e6 8.
O-O Nxd4 9. Qd1 Bc5 10. Ne2 Nxe2+ 11. Qxe2 Nf6 12. c3 O-O 13. b4 Bd6 14. Rd1 Qe7
15. a4 a6 16. Bg5 h6 17. Bxf6 Qxf6 18. Qe4 b5 19. Bd3 g6 20. axb5 Qxc3 21. Rdb1
Rfd8 22. Rxa6 Rxa6 23. bxa6 Qxd3 24. Qxd3 Bxh2+ 25. Kxh2 Rxd3 26. a7 Ra3 27. Rd1
Rxa7 28. b5 Rb7 29. Rb1 c6 30. b6 c5 31. Rc1 Rxb6 32. Rxc5 Kg7 33. f4 Rd6 34. g4
Rd5 35. Rc4 g5 36. Kg3 Rd3+ 37. Kf2 gxf4 38. Rxf4 Kg6 39. Ke2 Rd5 40. Re4 e5 41.
Kf3 Kg5 42. Rb4 Rd4 43. Rb5 f6 44. Rb7 Kg6 45. Rb6 Kg5 46. Rb8 Kh4 47. Rh8 Rf4+
48. Ke3 Kxg4 49. Rxh6 Kg5 50. Rh8 Kf5 51. Rh5+ Ke6 52. Rh6 Kf5 53. Rh5+ Kg6 54.
Rh3 Kg5 55. Rg3+ Rg4 56. Rh3 f5 57. Rh8 Rg3+ 58. Kf2 Kf4 59. Rh4+ Rg4 60. Rh8 e4
61. Re8 Rg3 62. Ra8 Rd3 63. Ra4 Rd2+ 64. Ke1 Rh2 65. Kf1 Kf3 66. Kg1 Rd2 67.
Ra3+ Rd3 68. Ra2 Rd1+ 69. Kh2 f4 70. Ra5 e3 71. Rh5 e2 72. Rh3+ Ke4 73. Rh8 Rh1+
74. Kxh1 e1=Q+ 75. Kg2 f3+ 76. Kh3 Qh1+ 77. Kg3 Qxh8 78. Kf2 Qh2+ 79. Ke1 Qe2#
0-1

[Event "im crazy r u"]
[Site "http://www.queenalice.com/game.php?id=13308"]
[Date "2005.5.17"]
[Round "-"]
[White "Brummbar"]
[Black "FISICO"]
[Result "1-0"]
[WhiteElo "1612"]
[BlackElo "1647"]

1. e4 e5 2. Nf3 Nc6 3. Bc4 d6 4. O-O f6 5. d4 Nge7 6. c3 Ng6 7. dxe5 Ngxe5 8.
Nxe5 Nxe5 9. Bb3 Qe7 10. Bf4 Be6 11. Bxe5 fxe5 12. Nd2 O-O-O 13. Bxe6+ Qxe6 14.
b4 Kb8 15. a4 d5 16. Qb3 g6 17. b5 Bh6 18. Nf3 Rhe8 19. a5 d4 20. Qb2 dxc3 21.
Qxc3 g5 22. b6 cxb6 23. axb6 axb6 24. Qa3 g4 25. Qa8+ Kc7 26. Rac1+ Bxc1 27.
Rxc1+ Kd6 28. Qa3+ Kd7 29. Qa4+ Ke7 30. Ng5 Qg6 31. Qb4+ Qd6 32. Qb3 Qd2 33.
Qf7+ Kd6 34. Qc7# 1-0

[Event "u r crazy like me"]
[Site "http://www.queenalice.com/game.php?id=13309"]
[Date "2005.5.17"]
[Round "-"]
[White "mueller"]
[Black "Brummbar"]
[Result "0-1"]
[WhiteElo "1557"]
[BlackElo "1584"]

1. e4 Nc6 2. Nf3 d5 3. exd5 Qxd5 4. Nc3 Qa5 5. d4 Bg4 6. a3 e6 7. Bf4 Bd6 8.
Bxd6 cxd6 9. d5 Bxf3 10. Qxf3 Nd4 11. Qd3 e5 12. Qg3 Nxc2+ 13. Kd1 Nxa1 14. Qxg7
O-O-O 15. Qxh8 Ne7 16. Qxh7 Nxd5 17. Nxd5 Qxd5+ 18. Qd3 Qb3+ 19. Qxb3 Nxb3 20.
h4 Nd4 21. h5 Ne6 22. h6 Rh8 23. Bd3 Nf4 24. Bf5+ Kc7 25. h7 Kd8 26. g3 Nd5 27.
g4 Ne7 28. Be4 b6 29. a4 Ke8 30. g5 Kf8 31. Rh5 Kg7 32. Ke2 Ng6 33. Bxg6 fxg6
34. Rh6 Rxh7 35. Rxh7+ Kxh7 36. f4 exf4 37. Kf3 Kg7 38. Kxf4 Kf7 39. b3 Ke6 40.
Ke4 d5+ 41. Kd4 Kd6 42. b4 a6 43. a5 bxa5 44. bxa5 Ke6 45. Kd3 Ke5 46. Ke3 d4+
47. Kd3 Kd5 48. Ke2 Ke4 49. Kd2 d3 50. Kd1 Kf4 51. Kd2 Kxg5 52. Kxd3 Kf4 53. Ke2
Kg3 54. Ke3 g5 55. Ke4 g4 56. Kd4 Kf3 57. Kc5 g3 58. Kb6 g2 59. Kxa6 g1=Q 60.
Kb5 Qa7 61. a6 Ke4 62. Kc6 Qxa6+ 63. Kc5 Qa4 0-1

[Event "I smell!"]
[Site "http://www.queenalice.com/game.php?id=14181"]
[Date "2005.5.24"]
[Round "-"]
[White "Brummbar"]
[Black "thalys"]
[Result "0-1"]
[WhiteElo "1631"]
[BlackElo "1500"]

1. e4 c5 2. Nf3 e6 3. d4 cxd4 4. Nxd4 a6 5. Bc4 Nc6 6. O-O Qc7 7. Nxc6 bxc6 8.
Nc3 Bd6 9. g3 Nf6 10. Re1 O-O 11. Bg5 Be5 12. Rb1 d5 13. exd5 cxd5 14. Bd3 Bb7
15. Qe2 Nd7 16. Qg4 Qc6 17. Qh4 f5 18. Kf1 d4 19. Ne2 Qg2# 0-1

[Event "Let's Play Chess!"]
[Site "http://www.queenalice.com/game.php?id=14183"]
[Date "2005.5.25"]
[Round "-"]
[White "cacobaju"]
[Black "Brummbar"]
[Result "1-0"]
[WhiteElo "1569"]
[BlackElo "1629"]

1. e4 Nc6 2. Nc3 e6 3. a3 Nf6 4. Bc4 d5 5. exd5 exd5 6. Bb5 Bd7 7. f3 Bc5 8.
Qe2+ Be7 9. Bxc6 Bxc6 10. Nh3 O-O 11. O-O Re8 12. d4 Bd6 13. Qd1 h6 14. Re1 b6
15. Rxe8+ Qxe8 16. Bf4 Bd7 17. Bxd6 cxd6 18. Qe2 Qxe2 19. Nxe2 Bxh3 20. gxh3 g5
21. Kh1 Re8 22. Re1 Nh5 23. Kg1 Nf4 24. Kf1 Nxh3 25. Ng3 Rd8 26. Nf5 Nf4 27.
Nxh6+ Kf8 28. Nf5 Ne6 29. c3 Rd7 30. Kf2 Nf4 31. Re3 Ng6 32. Kg3 f6 33. Re6 Kf7
34. Rxd6 Rxd6 35. Nxd6+ Ke6 36. Nb5 Ne7 37. Nxa7 Nf5+ 38. Kf2 Nh4 39. Nc8 b5 40.
Na7 b4 41. axb4 1-0

[Event "Vive' la Isle of Man"]
[Site "http://www.queenalice.com/game.php?id=14371"]
[Date "2005.5.27"]
[Round "-"]
[White "Brummbar"]
[Black "jiikoo"]
[Result "0-1"]
[WhiteElo "1623"]
[BlackElo "1854"]

1. e4 e5 2. Nf3 Nc6 3. d4 exd4 4. Bc4 Bc5 5. O-O d6 6. a3 Nf6 7. Bg5 h6 8. b4
Bb6 9. Bxf6 Qxf6 10. Nbd2 Bg4 11. Qe1 O-O 12. h3 Be6 13. Qe2 Ne5 14. Nxe5 dxe5
15. a4 a6 16. Nf3 Bxc4 17. Qxc4 c6 18. a5 Ba7 19. Rad1 Rad8 20. c3 dxc3 21. Qxc3
Bd4 22. Qb3 Rd6 23. Rd3 Rfd8 24. Nd2 Bxf2+ 0-1

[Event "quero revanche"]
[Site "http://www.queenalice.com/game.php?id=14405"]
[Date "2005.5.27"]
[Round "-"]
[White "willyanF"]
[Black "Brummbar"]
[Result "0-1"]
[WhiteElo "1520"]
[BlackElo "1611"]

1. e4 Nc6 2. Nf3 d5 3. exd5 Qxd5 4. Nc3 Qa5 5. a3 Nf6 6. b4 Qh5 7. Bc4 Bg4 8.
Nb5 O-O-O 9. Be2 Kb8 10. h3 Bxf3 11. gxf3 e6 12. c4 a6 13. Nc3 Bd6 14. c5 Bf4
15. Ne4 Nd4 16. Nxf6 gxf6 17. Bb2 Nxe2 18. Qxe2 Rxd2 19. Qe4 e5 20. Bc3 Rdd8 21.
c6 b6 22. Qe2 Rd6 23. Qxa6 Rxc6 24. Bb2 Qxf3 25. Rg1 Rd8 26. Qe2 Bd2+ 27. Kf1
Qxh3+ 28. Rg2 Rg8 29. Qe4 Qh1+ 30. Ke2 Qxg2 31. Qxh7 Qg4+ 32. Kxd2 Rd8+ 33. Ke3
Qf4+ 34. Ke2 Rd2+ 35. Kf1 Qxf2# 0-1

[Event "sb is white"]
[Site "http://www.queenalice.com/game.php?id=14423"]
[Date "2005.5.27"]
[Round "-"]
[White "saint_bazoka"]
[Black "Brummbar"]
[Result "1-0"]
[WhiteElo "1861"]
[BlackElo "1629"]

1. g4 Nc6 2. d4 d5 3. g5 e5 4. dxe5 Nxe5 5. Nc3 Bb4 6. Qd4 Bd6 7. f4 Nc6 8. Qxg7
Be6 9. Qxh8 Kd7 10. Qxh7 Qe7 11. f5 Bxf5 12. Qxf5+ 1-0

[Event "sb is black"]
[Site "http://www.queenalice.com/game.php?id=14424"]
[Date "2005.5.27"]
[Round "-"]
[White "Brummbar"]
[Black "saint_bazoka"]
[Result "0-1"]
[WhiteElo "1623"]
[BlackElo "1821"]

1. e4 g5 2. Nc3 d6 3. Bc4 h6 4. d4 Nc6 5. Be3 Nf6 6. Nge2 Bg7 7. Qd3 Ng4 8. h3
Nb4 9. Qd2 Nxe3 10. fxe3 Nc6 11. O-O e6 12. d5 Ne5 13. Bb3 Qe7 14. dxe6 fxe6 15.
Ng3 h5 16. Qe2 g4 17. Kf2 Qh4 18. Ke1 Qxg3+ 19. Kd2 gxh3 20. gxh3 a6 21. Rf2
Qxh3 22. Raf1 Bh6 23. Rh2 Qxe3+ 24. Qxe3 Bxe3+ 0-1

[Event "Desafio Brancas"]
[Site "http://www.queenalice.com/game.php?id=14533"]
[Date "2005.5.28"]
[Round "-"]
[White "LLavoura"]
[Black "Brummbar"]
[Result "1-0"]
[WhiteElo "1622"]
[BlackElo "1604"]

1. e4 Nc6 2. d4 d5 3. Nc3 e6 4. Nf3 Bb4 5. e5 h6 6. Bb5 Bd7 7. Bd2 Nge7 8. Bxc6
Bxc6 9. O-O O-O 10. Ne2 Bxd2 11. Qxd2 Nf5 12. b3 a6 13. a4 b5 14. a5 b4 15. Qxb4
Bb5 16. c4 dxc4 17. bxc4 Bc6 18. d5 exd5 19. Rad1 Qc8 20. cxd5 Rb8 21. Qe4 Bb5
22. d6 cxd6 23. exd6 Bxe2 24. Qxe2 1-0

[Event "OINKOINKOINK"]
[Site "http://www.queenalice.com/game.php?id=14646"]
[Date "2005.5.31"]
[Round "-"]
[White "Brummbar"]
[Black "Constante"]
[Result "0-1"]
[WhiteElo "1616"]
[BlackElo "1716"]

1. e4 e5 2. Nf3 Nc6 3. d4 exd4 4. Nxd4 Nxd4 5. Qxd4 Qe7 6. Bc4 d6 7. O-O h6 8.
Nc3 Nf6 9. Re1 Be6 10. Be3 Qd7 11. Bxe6 fxe6 12. Qd3 e5 13. a4 a6 14. b4 c6 15.
Ne2 Be7 16. Ng3 d5 17. Bc5 O-O 18. Bxe7 Qxe7 19. Nf5 Qe6 20. exd5 Nxd5 21. c4
Nf4 22. Qd6 Qxf5 23. Rxe5 Qg4 24. g3 Nh3+ 25. Kf1 Nxf2 26. Qe6+ Rf7 27. Re2 Qf3
28. Ke1 Rd8 29. Qe3 Qh1# 0-1

[Event "KNIOKNIOKNIO"]
[Site "http://www.queenalice.com/game.php?id=14647"]
[Date "2005.5.30"]
[Round "-"]
[White "Marcelo"]
[Black "Brummbar"]
[Result "1-0"]
[WhiteElo "1660"]
[BlackElo "1631"]

1. d4 d5 2. Bf4 Nc6 3. Nc3 e6 4. a3 Bd6 5. Bxd6 cxd6 6. e3 Nf6 7. Bd3 O-O 8. Nf3
a6 9. O-O e5 10. dxe5 dxe5 11. Be2 b5 12. b4 e4 13. Nd4 Nxd4 14. Qxd4 Bg4 15.
Bxg4 Nxg4 16. Nxd5 Qh4 17. h3 Nh6 18. Rac1 Nf5 19. Qb6 Rfb8 20. Qa5 Rd8 21. Nc7
Rac8 22. Nxa6 Qg5 23. Qxb5 Qg6 24. Rfd1 Nh4 25. g3 Nf3+ 26. Kg2 Re8 27. Nc7 Rf8
28. Nd5 Rfe8 29. Nc7 Rf8 30. Qc4 Ne5 31. Qc5 h5 32. Qxe5 h4 33. g4 Qb6 34. Nd5
Qb5 35. Ne7+ 1-0

[Event "Let's Play Chess!"]
[Site "http://www.queenalice.com/game.php?id=15201"]
[Date "2005.6.4"]
[Round "-"]
[White "waltc"]
[Black "Brummbar"]
[Result "1-0"]
[WhiteElo "2010"]
[BlackElo "1602"]

1. e4 Nc6 2. d4 d5 3. e5 Bf5 4. Nf3 e6 5. Be2 Be7 6. O-O Be4 7. c3 Bh4 8. Nbd2
Bxf3 9. Nxf3 h6 10. b4 a6 11. a4 Nge7 12. Nxh4 O-O 13. f4 Nf5 14. Nxf5 exf5 15.
Be3 Re8 16. Kh1 Ne7 17. Bd3 1-0

[Event "Let's Play Chess!"]
[Site "http://www.queenalice.com/game.php?id=15204"]
[Date "2005.6.4"]
[Round "-"]
[White "Brummbar"]
[Black "waltc"]
[Result "0-1"]
[WhiteElo "1604"]
[BlackElo "2008"]

1. e4 e5 2. Nf3 Nc6 3. d4 exd4 4. Nxd4 Bc5 5. Be3 Bb6 6. Nxc6 bxc6 7. Bxb6 axb6
8. Bc4 Nf6 9. O-O O-O 10. Nc3 d6 11. Qf3 Be6 12. Qe2 Ra5 13. Bxe6 fxe6 14. b4
Ra3 15. Nd1 Qd7 16. Ne3 Rfa8 0-1

[Event "Hey Moe!!"]
[Site "http://www.queenalice.com/game.php?id=15750"]
[Date "2005.6.10"]
[Round "-"]
[White "Brummbar"]
[Black "igorrs"]
[Result "0-1"]
[WhiteElo "1604"]
[BlackElo "1636"]

1. e4 e5 2. Nf3 Nf6 3. Nxe5 d6 4. Nxf7 Kxf7 5. Bc4+ Be6 6. Bxe6+ Kxe6 7. Qf3 Kd7
8. Qf5+ Ke7 9. d3 Nc6 10. Be3 Kf7 11. Nc3 Qc8 12. Qf3 Be7 13. Nd5 Ne5 14. Qf4
Ng6 15. Qf3 Nh4 16. Qg3 Nxd5 17. exd5 Re8 18. O-O-O b5 19. Bg5 Nf5 20. Qf4 Bxg5
21. Qxg5 a5 22. g4 Nh6 23. f4 Qxg4 24. Rhf1 Kg8 25. Rde1 Rxe1+ 26. Rxe1 Qxg5 27.
fxg5 Nf7 28. h4 Ne5 29. Rf1 Rf8 30. Rxf8+ Kxf8 31. h5 Ke7 32. Kd1 Nf3 33. g6
hxg6 34. hxg6 Kf6 35. Ke2 Nh4 36. Ke3 Kxg6 37. a4 bxa4 0-1

[Event "FFFFFF##"]
[Site "http://www.queenalice.com/game.php?id=605251"]
[Date "2009.6.17"]
[Round "-"]
[White "Brummbar"]
[Black "prmntgen"]
[Result "0-1"]
[WhiteElo "1590"]
[BlackElo "1785"]

1. e4 e5 2. Nf3 d6 3. d4 Nf6 4. Bc4 Bg4 5. h3 Bxf3 6. Qxf3 Nbd7 7. Bg5 Be7 8.
dxe5 Nxe5 9. Qe2 Nxc4 10. Qxc4 O-O 11. Nc3 Nd7 12. Bxe7 Qxe7 13. Nd5 Qe6 14. O-O
Nc5 15. Rfe1 c6 16. Ne3 Qxe4 17. Qxe4 Nxe4 18. Nf5 d5 19. f3 Nf6 20. Re7 Rab8
21. Rae1 Rfe8 22. Rxe8+ Rxe8 23. Rxe8+ Nxe8 24. c3 Kf8 25. Kf2 f6 26. Ke3 Kf7
27. b4 Ke6 0-1